| 000 | 00496nam a2200169Ia 4500 | ||
|---|---|---|---|
| 008 | 190423s9999 xx 000 0 und d | ||
| 100 | _aCrouch, Michelle | ||
| 245 | _a13 ways your mobile phone affects your body and mind/ | ||
| 245 | _cMichelle Crouch | ||
| 260 | _bReader's Digest Asia | ||
| 260 | _c2019 | ||
| 300 | _aPages 86-88, February 2019 | ||
| 440 |
_aAsia Reader's Digest: The Power of fake pills _v115:672 |
||
| 650 | _aHealth | ||
| 650 | _aMobile phones | ||
| 650 | _awellbeing | ||
| 999 |
_c361505 _d361505 |
||